Countries Mentioned in the Bible - Statistics

General Stats
  • This quiz has been taken 66,115 times
    65,388 since last reset
  • The average score is 17 of 21
Answer Stats
Hint Country % Correct
The Holy Land Israel
98%
Moses led his people away from here Egypt
97%
Then known as Persia Iran
95%
Nineveh and Babylon were located here Iraq
93%
Where St. Paul died Italy
93%
St. Paul wrote epistles to people in different cities here Greece
91%
Several regions of this country are mentioned including Pontus, Galatia, Cappadocia, Asia, and Bithynia Turkey
91%
On the other side of the river from the Holy Land Jordan
89%
Known for its cedar trees Lebanon
87%
Isaiah promised that this country's capital would be a "ruinous heap". The prophecy seemed to come true in the 2010s. Syria
87%
St. Paul sailed near this island Cyprus
85%
The easternmost extent of the Persian Empire India
82%
Westernmost country mentioned in the Bible Spain
82%
Kings from here brought gold to Solomon Saudi Arabia
81%
Mediterranean country home to the city of Cyrene Libya
77%
St. Paul shipwrecked here Malta
70%
The land of Sheba might have been located here Yemen
70%
Mentioned as the region of Cush (Kush) Sudan
68%
A couple minor characters escaped into this mountainous region Armenia
65%
Titus traveled to Dalmatia, on this country's coast Croatia
65%
The Gihon river, flowing from the Garden of Eden, encompasses this entire country Ethiopia
61%
No matching quizzes found
Score Distribution
Percent of People with Each Score
Percentile by Number Answered
Your Score History
You have not taken this quiz since the last reset